Normal view
MARC view
Entry Personal Name
001 - CONTROL NUMBER
- control field: 12764
003 - CONTROL NUMBER IDENTIFIER
- control field: OSt
005 - DATE AND TIME OF LATEST TRANSACTION
- control field: 20190304132718.0
008 - FIXED-LENGTH DATA ELEMENTS
- fixed length control field: 190304|| aca||aabn | a|a d
040 ## - CATALOGING SOURCE
- Original cataloging agency: OSt
- Transcribing agency: OSt
100 ## - HEADING--PERSONAL NAME
- Personal name: Mankiw,N.Gregory;
670 ## - SOURCE DATA FOUND
- Source citation: Work cat.: (OSt): Mankiw,N.Gregory;, Principles of Microeconomics., 1998.
